Teatro [williams] /
Guardado en:
| Autor Principal: | |
|---|---|
| Formato: | Libro |
| Publicado: |
Buenos Aires :
Losada,
1956
|
| Edición: | 3a. ed. |
| Materias: | |
| Etiquetas: |
Agregar Etiqueta
Sin Etiquetas, Sea el primero en etiquetar este registro!
|
| LEADER | 00591nam a22001815a 4500 | ||
|---|---|---|---|
| 001 | EHU.bham007717 | ||
| 003 | AR-BHAM | ||
| 005 | 20091204135755.0 | ||
| 008 | 130507s1956##################000#0#####d | ||
| 082 | 8 | 1 | |a 812.5 |
| 100 | 1 | |a Williams, Tennessee | |
| 245 | 1 | 0 | |a Teatro [williams] / |c Tennessee Williams. |
| 250 | |a 3a. ed. | ||
| 260 | |a Buenos Aires : |b Losada, |c 1956 | ||
| 300 | |a 307 p. | ||
| 500 | |a Trad. De Leon Mirlascontiene: Un tranvía llamado deseo.- El zoológico de cristal.- Verano y humo | ||
| 653 | |a Teatro eeuu-1901- | ||
| 859 | |a AR-BHAM |b BIB. HUMANIDADES - General |h 812.5 |i W675 |p 425.91 |t Ej.1 | ||
